Az AIDS vírus naplója

Bibliographic Details
Main Author: Kuras, Benjamin, 1944- (Author)
Other Authors: Pénzes, Tímea, 1976- (Translator)
Format: Article
Language:Hungarian
Czech
PhysicalDescription:Fotogr.
ISSN:1335-6321
Subjects:

MARC

LEADER 00000nab a2200000 ar4500
001 vtls009005863
003 SK-MaSNL
005 20260303065713.0
008 070710c2007 xo |||||||| |000 b|hun
015 |a SNBRB2007/07  |2 snkbucl 
038 |a SNKBUCL 
040 |a DSZK  |b slo  |c DSZK  |e AACR2 
041 1 |a hun  |h cze 
044 |a xo  |c SK 
080 |a 821.162.3 (410)-32=511.141  |2 1997 
100 1 |a Kuras, Benjamin,  |d 1944-  |4 aut  |9 103630 
245 1 3 |a Az AIDS vírus naplója  |c Benjamin Kuras ; fordította Pénzes Tímea 
300 |b Fotogr. 
650 0 7 |a psychologické poviedky, české  |2 snkbucl  |9 16845 
700 1 |a Pénzes, Tímea,  |d 1976-  |4 trl  |9 90159 
773 0 |t Szőrös kő : irodalom, művészet, kritika  |g Évf. 12, sz. 2 (2007), o. 24-26  |x 1335-6321 
852 |a SNK  |b KIS3GCP 
852 |a DSZK  |b KIS3GCP 
958 |a HU 
958 |a CZ 
958 |a LX 
958 |a GB 
999 |c 1752296  |d 1754226